| 000 | 00581nam a2200217 a 4500 | ||
|---|---|---|---|
| 001 | 12010 | ||
| 003 | CO-ViMGA | ||
| 008 | 141112s2004 ck r 000 u spa d | ||
| 020 | _a9582801190 | ||
| 040 |
_aCO-ViMGA _bspa _cCO-ViMGA |
||
| 082 | 0 | 4 | _a863.6 B35c4 |
| 100 | 1 |
_aBenitez, J.J. _911164 |
|
| 245 | 1 | 0 | _aCaballo de troya 8 |
| 260 |
_aSanta Fe de Bogotá : _bCirculo de lectores, _c1995 |
||
| 300 | _a470p | ||
| 500 | _aVol. y núm. : 4 | ||
| 650 | 1 | 4 |
_aCABALLO DE TROYA _911166 |
| 650 | 1 | 4 |
_aJESUCRISTO - NOVELA _911165 |
| 650 | 1 | 4 |
_aNOVELA ESPAÑOLA _9801 |
| 942 |
_2ddc _cBK |
||
| 999 |
_c23063 _d23063 |
||